000 00634nam a2200205 a 4500
005 20210223120700.0
008 991125s1998 mx 000 0 spa u
020 _a9706630430
035 _aUPN01000005386
049 _aCG
050 4 _aF1392 F7
_bP7.2
100 1 _aProal, Maurice
245 1 4 _aLos barcelonnettes en México /
_cMaurice Proal, Pierre Martín Charpenel ; pról. Jean Meyer.
260 _aMéxico :
_bClío,
_c1998.
300 _a91 p. :
_bil. col.
650 4 _aFRANCESES EN MEXICO
_918874
651 4 _aFRANCIA -
_xEMIGRACION E INMIGRACION
_927139
700 1 _aCharpenel, Pierre Martín,
_ecoaut.
905 _aLibro
999 _c5386
_d5386